| 000 | 00988 a2200241 4500 | ||
|---|---|---|---|
| 020 | _a0471716391 (cloth) | ||
| 020 | _a9780471716396 (cloth) | ||
| 024 | 3 | _a9780471716396 | |
| 035 | _a(OCoLC)ocm57373680 | ||
| 040 |
_aDLC _bDLC |
||
| 082 | 0 | 0 | _a621.382 |
| 100 | 1 | _aMinoli, Daniel, | |
| 245 | 1 | 0 |
_aNanotechnology applications to telecommunications and networking _cDaniel Minoli. |
| 260 |
_aHoboken, N.J. : _bWiley-Interscience, _cc2006. |
||
| 300 |
_axix, 487 p. : _bill. ; _c25 cm. |
||
| 650 | 0 |
_aTelecommunication _xEquipment and supplies. |
|
| 650 | 0 |
_aComputer networks _xEquipment and supplies. |
|
| 650 | 0 | _aNanotechnology. | |
| 856 | 4 | 2 |
_3Publisher description _uhttp://www.loc.gov/catdir/enhancements/fy0645/2004063825-d.html |
| 856 | 4 | 2 |
_3Table of contents only _uhttp://www.loc.gov/catdir/enhancements/fy0645/2004063825-t.html |
| 856 | 4 | 2 |
_3Contributor biographical information _uhttp://www.loc.gov/catdir/enhancements/fy0645/2004063825-b.html |
| 942 |
_cBK _k621.382 MIN _2ddc |
||
| 999 |
_c8162 _d8162 |
||